000 00457 a2200133 4500
001 91420
082 _aPR 1317
090 _c43551
_d43550
100 _aAmmar Muzaffar; Prof jahangir Khan Kayani and Ali Javed Hashmi (Advisors)
245 _aDesign and Analysis of a Gap-Filler Radar for the Detection of Low Flying Helecopters in Mountaineous Terrain
_n72 "B" EC
260 _aRawalpindi
_bNUST
_c2012
300 _axii, 68p
500 _aBE Project Reports
942 _aCAE NUST
_kPR 1317
999 _c326493
_d326493